| 000 | 01739nam0a2200421 4500 | ||
|---|---|---|---|
| 001 | RU\NLR\bibl\215161 | ||
| 005 | 20260405100418.0 | ||
| 010 |
_a5-200-02973-2 _95000 |
||
| 021 |
_aRU _b2001-26683 _91273 |
||
| 035 | _a(NLR Aleph) 000211297 | ||
| 090 |
_a1226512 _c1226512 |
||
| 100 | _a20010808d2001 |||y0rusy50 ca | ||
| 101 | 0 | _arus | |
| 102 | _aRU | ||
| 105 | _ay ||||||||| | ||
| 200 | 1 |
_aНемецко-русский и русско-немецкий словарь _dDeutsch-russisches und russisch-deutsches Wörterbuch _eОк. 11000 слов в каждой части _fИ. А. Кузьмина, В. Е. Кузавлев _zger |
|
| 205 | _a5-е изд., стер. | ||
| 210 |
_aМ. _cРус. яз. _d2001 |
||
| 215 |
_a560 с. _d17 |
||
| 300 | _aАвт. также на англ. яз.: I.A. Kuzmina, V.J. Kuzavljov | ||
| 320 | _aБиблиогр.: с. 6 | ||
| 510 | 0 |
_aDeutsch-russisches und russisch-deutsches Wörterbuch _zger |
|
| 610 | 0 | _aНемецко-русские словари | |
| 610 | 0 | _aРусско-немецкие словари | |
| 675 |
_a811.112.2'374=161.1+811.161.1'374=112.2 _v3 _zrus |
||
| 686 |
_a16.41 _2rugasnti |
||
| 686 |
_a81.2Нем-4 _2rubbk |
||
| 686 | _aШ143.24-491перев | ||
| 686 | _aШ141.12-491перев | ||
| 700 | 1 |
_4070 _8rus _7ca _aКузьмина _bИ. А. _cфилолог, нем. яз. _gИрина Анатольевна _3RU\NLR\AUTH\7736592 _919582 |
|
| 701 | 1 |
_4070 _8rus _7ca _aКузавлев _bВ. Е. _cфилолог _gВалерий Евгеньевич _3RU\NLR\auth\7736600 _919589 |
|
| 801 | 0 |
_aRU _bRKP _c20010808 _gPSBO |
|
| 801 | 1 |
_aRU _bRKP _c20010808 |
|
| 801 | 2 |
_aRU _bNLR _c20060410 _grcr |
|
| 942 | _cBOOK | ||
| 980 | _aNB | ||